États des États-Unis avec la plus âgée population - Statistiques

Statistiques générales
  • Ce quiz a été pris 146 fois
  • Le résultat moyen est 5 sur 10
Statistiques - réponses
Âge moyen Etat % Correct
42.0 Floride
77%
44.6 Maine
70%
42.6 Vermont
63%
43.2 New Hampshire
55%
40.9 Connecticut
51%
40.1 Delaware
49%
40 Montana
43%
42.4 Virginie-Occidentale
39%
39.8 Michigan
38%
40.8 Pennsylvanie
33%
Aucun quiz correspondant
Distribution des résultats
% des personnes avec chaque résultat
Percentile par nombre de réponses
Votre historique - résultats
Vous n’avez pas pris ce quiz